| 000 | 00438nam a22001457a 4500 | ||
|---|---|---|---|
| 005 | 20251103111730.0 | ||
| 008 | 251030b |||||||| |||| 00| 0 eng d | ||
| 020 | _a6112741 | ||
| 050 |
_aRT86 _b.O7 |
||
| 100 | _aOrlando, Ida Jean | ||
| 245 |
_aThe Dynamic Nurse-Patient Relationship _bfunction, process and principles _cIda Jean Orlando |
||
| 260 |
_aNew York _bG. P. Putnam's Sons _c1961 |
||
| 300 |
_axi. 91p. _c21.5cm |
||
| 942 |
_2lcc _cBK _n0 |
||
| 999 |
_c7964 _d7964 |
||